000 00559cam a2200205 4500
008 000000n2000 000 0 eng u
020 _a0419254706
035 _a(Sirsi) u104875
041 _aeng
050 _a692.5095
245 _aSpon`s Asia Pacific construction costs handbook.
250 _a2nd ed.
260 _aLondon
_bE & FN Spon
_c2000
300 _axix, 463p. ; 24cm.
350 _a80.00
651 4 _aAsia Pacific
690 _aBUILT ENVIRONMENT-BUILDING COSTS
700 _aDavis Langdon & Seah International,
_xEditor
942 _n0
999 _c100301
_d100301